Yo, adentro: (Record no. 1513)

MARC details
000 -LEADER
campo de control de longitud fija 00387nam a2200121 4500
008 - DATOS DE LONGITUD FIJA--INFORMACIÓN GENERAL
campo de control de longitud fija 730.986.1 M563y
082 ## - NÚMERO DE LA CLASIFICACIÓN DECIMAL DEWEY
Número de clasificación 730.986.1
Número de ítem M563y
100 ## - ENTRADA PRINCIPAL--NOMBRE DE PERSONA
Nombre de persona Merizalde Price, Julia
9 (RLIN) 6432
245 ## - MENCIÓN DEL TÍTULO
Título Yo, adentro:
Resto del título esculturas
260 ## - PUBLICACIÓN, DISTRIBUCIÓN, ETC.
Lugar de publicación, distribución, etc. Colombia
Nombre del editor, distribuidor, etc. Iber Arte Galería
Fecha de publicación, distribución, etc. 2000
300 ## - DESCRIPCIÓN FÍSICA
Extensión 20 p.
Otras características físicas ill (col)
Dimensiones 28 x 22 cm
650 ## - PUNTO DE ACCESO ADICIONAL DE MATERIA--TÉRMINO DE MATERIA
Subdivisión general are contemporáneo
-- arte - escultura
-- Colombia
-- artistas colombianos
9 (RLIN) 6433
Holdings
Estatus retirado Estado de pérdida Fuente del sistema de clasificación o colocación Estado de daño No para préstamo Biblioteca de origen Biblioteca actual Ubicación en estantería Fecha de adquisición Total de préstamos Signatura topográfica completa Código de barras Visto por última vez Precio de reemplazo Tipo de ítem Koha
    Clasificación Decimal Dewey     Biblioteca LadoV Biblioteca LadoV   28/06/2018   730.986.1 M563y 001066 28/06/2018 28/06/2018 Material 01